000 00330nam a2200109Ia 4500
008 220216s9999 xx 000 0 und d
100 _aMathew N M
245 0 _aNatural rubber - evolving challenges
260 _bPlacrosym XIV, 2000, Hyderabad, India : Souvenir pp.32-36
_c2000
650 _aNatural rubber consumption
942 _cJS
999 _c63449
_d63449